Goodbye Henry. - RAYE (Lyrics) - Statistics

General Stats
  • This quiz has been taken 7 times
  • The average score is 448 of 501
Answer Stats
Answer % Correct
a
100%
A
100%
again
100%
all,
100%
And
100%
and
100%
anymore
100%
As
100%
as
100%
away
100%
baby?
100%
be
100%
best
100%
'bout
100%
boy
100%
But
100%
called
100%
could
100%
do
100%
don't
100%
Don't
100%
drink
100%
drive
100%
even
100%
fact
100%
feels
100%
for
100%
forget
100%
forget,
100%
gin
100%
go
100%
"Goodbye
100%
goodbye
100%
'Goodbye,
100%
happiness
100%
Happiness
100%
happy
100%
happy,
100%
He
100%
he
100%
Henry"
100%
Henry
100%
"Henry
100%
Henry,
100%
Henry.'"
100%
Henry?
100%
him
100%
him,
100%
his
100%
hope
100%
How
100%
how
100%
I
100%
I,
100%
I?
100%
I'm
100%
in
100%
In
100%
is
100%
isn't
100%
it
100%
It
100%
just
100%
Just
100%
know
100%
left
100%
less
100%
little
100%
love
100%
love,
100%
lovely
100%
maybe
100%
me
100%
my
100%
name
100%
no
100%
not
100%
Oh,
100%
Oh
100%
oh
100%
regret
100%
remember
100%
respectful
100%
sad
100%
sad,
100%
say
100%
so,
100%
so
100%
So,
100%
song
100%
talk
100%
tell
100%
that
100%
That
100%
the
100%
The
100%
This
100%
this
100%
this,
100%
Though
100%
though
100%
Through
100%
to
100%
told
100%
try
100%
very
100%
want
100%
warn
100%
was
100%
watch
100%
watching
100%
We
100%
we
100%
we'd
100%
When
100%
who
100%
window
100%
wish
100%
wrote
100%
you
100%
you,
100%
your
100%
another
83%
anyway
83%
at
83%
At
83%
bloody
83%
case
83%
children
83%
day
83%
did
83%
down
83%
driving
83%
each
83%
every
83%
had
83%
Had
83%
hand
83%
happens
83%
have
83%
heart
83%
hurt
83%
I'd
83%
lane
83%
last
83%
life
83%
made
83%
makes
83%
man
83%
memory
83%
next-door
83%
one,
83%
one
83%
only
83%
Or
83%
other's
83%
really
83%
ring,
83%
silence
83%
sing
83%
sipped
83%
sorry
83%
swallowing
83%
take
83%
tears
83%
three
83%
time
83%
tryna
83%
turn
83%
wear
83%
will
83%
work
83%
wouldn't
83%
you'll
83%
you're
83%
aching
67%
also
67%
around
67%
beautiful
67%
breaking
67%
devastating
67%
dried
67%
kissed
67%
knows,
67%
let
67%
local
67%
never
67%
out
67%
pain
67%
railway
67%
relate
67%
see
67%
still
67%
Still
67%
warned
67%
well,
67%
words
67%
dear
50%
Didn't
50%
high
50%
hits
50%
hopes
50%
hurts
50%
it's
50%
kind
50%
Let's
50%
listener
50%
of
50%
pretend,
50%
road
50%
seen
50%
sometimes
50%
Sometimes
50%
squeezed
50%
tavern
50%
tight,
50%
turns
50%
world
50%
goes
33%
sticks
33%
that's
33%
with
33%
does
17%
guess
17%
He's
17%
he's
17%
over
17%
safe
17%
tonight
17%
Wherever
17%
'em
0%
like
0%
pray
0%
won't
0%
yet,
0%
No matching quizzes found
Score Distribution
Percent of People with Each Score
Percentile by Number Answered
Your Score History
You have not taken this quiz